=LDR 00000nam 2200000 4500 =001 INLIS000000000043558 =005 20131008103427 =008 ***********************************ind** =035 ##$$0010-101300000001480 =041 ##$$a ind =082 ##$$a 92 =090 ##$$a 92( Darma Bali), Sis b =100 ##$$a Siswanto, Wahyudi =245 ##$$a Budi Darma, Karya dan duniaya, Wahyudi Siswanto =260 ##$$a 2005 $b Jakarta =300 ##$$a xiii, 205 hlm, 21 cm =650 ##$$a Biografi Budi Darma =850 ##$$a NBPNMAT